[Event "IECC CL7-2010.07 email"]
[Site "IECC email"]
[Date "2010.10.23"]
[Round "?"]
[White "Simmons, Ernest"]
[Black "Hayes, Ian"]
[Result "0-1"]
[WhiteElo "1080"]
[BlackElo "1034"]
[PlyCount "81"]
[EventDate "2010.??.??"]
[EventType "tourn (corr)"]
[EventRounds "4"]
[SourceTitle "Telechess CBM 145"]
[Source "Chessbase"]
[SourceDate "2011.11.11"]
[SourceVersion "1"]
[SourceVersionDate "2011.11.11"]
[SourceQuality "1"]
[WhiteTeam "US of America"]
[BlackTeam "England"]
[WhiteTeamCountry "USA"]
[BlackTeamCountry "ENG"]

1. d4 e6 2. c4 Nc6 3. Nc3 d6 4. e3 Nf6 5. Bd3 Be7 6. Nf3 0-0 7. 0-0 d5 8. c5 a6 9. Re1 b5 10. b4 Ng4 11. h3 Nh6 12. Qc2 g6 13. a3 Bf6 14. a4 bxa4 15. Qxa4 Bb7 16. Qd1 Nf5 17. Qe2 Rb8 18. Bxa6 Bxa6 19. Rxa6 Nxb4 20. Ra1 Nh4 21. g3 Nxf3+ 22. Qxf3 Nc2 23. Bd2 Nxe1 24. Rxe1 Bg7 25. Qe2 c6 26. Kg2 f5 27. Qa6 Qc7 28. Ne2 Ra8 29. Qd3 Rae8 30. Qa3 e5 31. Rb1 Ra8 32. Qc1 exd4 33. Nxd4 Bxd4 34. exd4 Rae8 35. Bf4 Qd7 36. Bd6 Rf7 37. Rb2 Qe6 38. Be5 g5 39. Qxg5+ Qg6 40. Qf4 Re6 41. Qg5 0-1

[Event "IECC CL7-2010.02 email"]
[Site "IECC email"]
[Date "2010.02.27"]
[Round "?"]
[White "Hayes, Ian"]
[Black "Bearce, Harold L"]
[Result "1-0"]
[WhiteElo "1085"]
[BlackElo "1113"]
[PlyCount "49"]
[EventDate "2010.??.??"]
[EventType "tourn (corr)"]
[EventRounds "4"]
[SourceTitle "Corr 2013"]
[Source "ChessBase"]
[SourceDate "2012.11.12"]
[SourceVersion "1"]
[SourceVersionDate "2012.11.12"]
[SourceQuality "1"]
[WhiteTeam "England"]
[BlackTeam "Australia"]
[WhiteTeamCountry "ENG"]
[BlackTeamCountry "AUS"]

1. e4 c6 2. d4 d5 3. e5 e6 4. Bd3 c5 5. dxc5 Bxc5 6. Nf3 Nc6 7. Bb5 a6 8. Ba4 b5 9. Bb3 Qb6 10. 0-0 Nge7 11. Be3 Bxe3 12. fxe3 Qxe3+ 13. Rf2 Nxe5 14. Nxe5 Qxe5 15. Nd2 Qxb2 16. Rb1 Qa3 17. c3 Nc6 18. Qf3 a5 19. Qxf7+ Kd8 20. Qxg7 Re8 21. Rbf1 Ra7 22. Qf6+ Qe7 23. Qf3 b4 24. Bc2 Nd4 25. cxd4 1-0

[Event "IECC CL7-2010.02 email"]
[Site "IECC email"]
[Date "2010.02.27"]
[Round "?"]
[White "Hayes, Ian"]
[Black "Stevenson, Walter"]
[Result "0-1"]
[WhiteElo "1102"]
[BlackElo "1088"]
[PlyCount "46"]
[EventDate "2010.??.??"]
[EventType "tourn (corr)"]
[EventRounds "4"]
[SourceTitle "Telechess CBM 149"]
[Source "ChessBase"]
[SourceDate "2012.07.17"]
[SourceVersion "1"]
[SourceVersionDate "2012.07.17"]
[SourceQuality "1"]
[WhiteTeam "England"]
[BlackTeam "Canada"]
[WhiteTeamCountry "ENG"]
[BlackTeamCountry "CAN"]

1. e4 c5 2. d3 d6 3. Be2 Nf6 4. Be3 e6 5. c4 Nc6 6. Nc3 Be7 7. Nf3 0-0 8. 0-0 a6 9. Qd2 Bd7 10. b3 Re8 11. e5 dxe5 12. Ne4 Nd4 13. Nxd4 exd4 14. Bg5 Nxe4 15. Qf4 Nxg5 16. h4 e5 17. Qg3 Ne6 18. Bf3 Qc7 19. Bg4 Bd6 20. f3 Nf4 21. Rf2 Bxg4 22. fxg4 e4 23. dxe4 Ne2+ 0-1

[Event "IECC CL7-2010.01 email"]
[Site "IECC email"]
[Date "2010.02.08"]
[Round "?"]
[White "Foletta, Ian"]
[Black "Hayes, Ian"]
[Result "1-0"]
[WhiteElo "981"]
[BlackElo "1104"]
[PlyCount "61"]
[EventDate "2010.??.??"]
[EventType "tourn (corr)"]
[EventRounds "4"]
[SourceTitle "Telechess CBM 149"]
[Source "ChessBase"]
[SourceDate "2012.07.17"]
[SourceVersion "1"]
[SourceVersionDate "2012.07.17"]
[SourceQuality "1"]
[WhiteTeam "Australia"]
[BlackTeam "England"]
[WhiteTeamCountry "AUS"]
[BlackTeamCountry "ENG"]

1. e4 e6 2. d4 Nc6 3. e5 d5 4. c3 Be7 5. Nf3 Nh6 6. Bd3 Nf5 7. 0-0 Nh4 8. g3 Nf5 9. Re1 h6 10. Nbd2 g6 11. Nb3 b6 12. Qc2 Bg5 13. Bb5 Bd7 14. Bxg5 hxg5 15. Qd2 g4 16. Qg5 Nce7 17. Qf6 Rf8 18. Bxd7+ Qxd7 19. Nh4 0-0-0 20. Qg5 Nxh4 21. Qxh4 Nf5 22. Qxg4 Rh8 23. Qe2 b5 24. Nc5 Qe7 25. a4 c6 26. axb5 cxb5 27. Qxb5 Rh7 28. Qa6+ Kb8 29. Ra5 Rd7 30. Rb5+ Ka8 31. Qc8# 1-0

[Event "IECC CL7-2010.01 email"]
[Site "IECC email"]
[Date "2010.02.08"]
[Round "?"]
[White "Hayes, Ian"]
[Black "Ewbank, James"]
[Result "0-1"]
[WhiteElo "1128"]
[BlackElo "1119"]
[PlyCount "74"]
[EventDate "2010.??.??"]
[EventType "tourn (corr)"]
[EventRounds "4"]
[SourceTitle "Telechess CBM 149"]
[Source "ChessBase"]
[SourceDate "2012.07.17"]
[SourceVersion "1"]
[SourceVersionDate "2012.07.17"]
[SourceQuality "1"]
[WhiteTeam "England"]
[BlackTeam "England"]
[WhiteTeamCountry "ENG"]
[BlackTeamCountry "ENG"]

1. e4 e5 2. Nf3 g6 3. d3 Bg7 4. Nc3 Nc6 5. Be2 Nge7 6. 0-0 0-0 7. Be3 b6 8. Qd2 Bb7 9. b3 d5 10. exd5 Nxd5 11. Nxd5 Qxd5 12. c4 Qd6 13. Rac1 Rad8 14. c5 Qd5 15. cxb6 cxb6 16. Bh6 Bxh6 17. Qxh6 Nd4 18. Rce1 f6 19. Qh3 Ne6 20. g3 Nd4 21. Qg2 Nxe2+ 22. Rxe2 Qxf3 23. Qxf3 Bxf3 24. Re3 Bg4 25. f3 Bf5 26. Rd1 h5 27. Kg2 g5 28. h3 g4 29. hxg4 hxg4 30. fxg4 Bxg4 31. Rd2 Rfe8 32. Re4 f5 33. Rc4 e4 34. d4 e3 35. Rc3 e2 36. Rc1 e1Q 37. Rxe1 Rxe1 0-1

[Event "IECC KO-1078"]
[Site "IECC email"]
[Date "2009.11.05"]
[Round "?"]
[White "Foletta, Ian"]
[Black "Hayes, Ian"]
[Result "0-1"]
[WhiteElo "1037"]
[BlackElo "1155"]
[PlyCount "44"]
[EventDate "2009.??.??"]
[EventType "match (corr)"]
[EventRounds "2"]
[SourceTitle "Telechess CBM 137"]
[Source "ChessBase"]
[SourceDate "2010.07.15"]
[SourceVersion "1"]
[SourceVersionDate "2010.07.15"]
[SourceQuality "1"]
[WhiteTeam "Australia"]
[BlackTeam "England"]
[WhiteTeamCountry "AUS"]
[BlackTeamCountry "ENG"]

1. e4 e6 2. d4 Nc6 3. c3 Nf6 4. Bd3 d6 5. Nf3 Be7 6. 0-0 0-0 7. Be3 Qd7 8. Nbd2 b6 9. Qc2 g6 10. Nc4 d5 11. exd5 Nxd5 12. Nce5 Qd6 13. Nxg6 fxg6 14. Bxg6 hxg6 15. Bh6 Rf6 16. Nd2 e5 17. Ne4 Qe6 18. Nxf6+ Qxf6 19. Qd2 g5 20. c4 Nf4 21. Bxg5 Qxg5 22. Rad1 Qxg2# 0-1

[Event "IECC KO-1078"]
[Site "IECC email"]
[Date "2009.11.05"]
[Round "?"]
[White "Hayes, Ian"]
[Black "Foletta, Ian"]
[Result "0-1"]
[WhiteElo "1179"]
[BlackElo "1013"]
[PlyCount "48"]
[EventDate "2009.??.??"]
[EventType "match (corr)"]
[EventRounds "2"]
[SourceTitle "Telechess CBM 137"]
[Source "ChessBase"]
[SourceDate "2010.07.15"]
[SourceVersion "1"]
[SourceVersionDate "2010.07.15"]
[SourceQuality "1"]
[WhiteTeam "England"]
[BlackTeam "Australia"]
[WhiteTeamCountry "ENG"]
[BlackTeamCountry "AUS"]

1. e4 e5 2. d4 exd4 3. Nd2 Nf6 4. Ngf3 Bc5 5. c4 dxc3 6. bxc3 Nc6 7. Bc4 0-0 8. Qb3 Na5 9. Qb5 b6 10. e5 Ng4 11. Ba3 Bxa3 12. Bd5 c6 13. Qa4 Bc5 14. Qxg4 cxd5 15. 0-0 Re8 16. Rfe1 b5 17. Re2 d6 18. Qg3 Nc6 19. Rae1 Re6 20. exd6 Bxd6 21. Qg4 Rxe2 22. Qh5 Rxe1+ 23. Nxe1 Be6 24. Qe2 Ne5 0-1

[Event "IECC CL6-2009.20 email"]
[Site "IECC email"]
[Date "2009.09.06"]
[Round "?"]
[White "D'Aragona, Vittoria"]
[Black "Hayes, Ian"]
[Result "1-0"]
[WhiteElo "1226"]
[BlackElo "1206"]
[PlyCount "29"]
[EventDate "2009.??.??"]
[EventType "tourn (corr)"]
[EventRounds "4"]
[SourceTitle "Corr 2013"]
[Source "ChessBase"]
[SourceDate "2012.11.12"]
[SourceVersion "1"]
[SourceVersionDate "2012.11.12"]
[SourceQuality "1"]
[WhiteTeam "Italy"]
[BlackTeam "Germany"]
[WhiteTeamCountry "ITA"]
[BlackTeamCountry "GER"]

1. e4 e5 2. Nf3 Nc6 3. d4 f6 4. d5 Nb4 5. Bc4 Bc5 6. 0-0 Ne7 7. Nc3 c6 8. d6 Bxd6 9. Qxd6 Qa5 10. Bd2 Nxc2 11. Nb5 Qb6 12. Nc7+ Kd8 13. Ne6+ Ke8 14. Nxg7+ Kd8 15. Bf7 1-0